[Event "DEM U10/U10w 2014"]
[Site "Magdeburg GER"]
[Date "2014.06.10"]
[Round "5"]
[White "Khamenya, Vitalia"]
[Black "Memtimin, Esma"]
[Result "1-0"]
[Termination "normal"]
[Board "32"]
[WhiteElo "1230"]
[BlackElo "1002"]
[PlyCount "93"]
[WhiteFideId "12959260"]
[BlackFideId "12993514"]
[EventCountry "GER"]
[EventRounds "11"]
[EventType "swiss"]
[EventDate "2014.06.07"]

1. e4 e6 2. d4 d5 3. exd5 exd5 4. Bd3 Bd6 5. Nc3 c6 6. Nf3 Ne7 7. Be3 Bf5 8.
Qd2 O-O 9. O-O-O Nd7 10. h3 Qc7 11. g4 Bxd3 12. Qxd3 Bf4 13. Qd2 Ng6 14. Ne2
Bxe3 15. Qxe3 Rfe8 16. Qd2 Re7 17. Ng3 Rae8 18. Rde1 Qf4 19. Rxe7 Qxd2+ 20.
Kxd2 Rxe7 21. Nf5 Re4 22. Nd6 Rf4 23. Ke3 Nb6 24. Nd2 Na4 25. b3 Nc3 26. Ra1
Nd1+ 27. Rxd1 Rf6 28. Nxb7 Re6+ 29. Kf3 f5 30. Nc5 fxg4+ 31. Kxg4 Rf6 32. Kg3
Nf4 33. Nd7 Ne2+ 34. Kg2 Rg6+ 35. Kf1 Nxd4 36. c3 Nf5 37. Nf3 h6 38. Re1 Kh7
39. Nf8+ Kg8 40. Nxg6 Kf7 41. Nge5+ Kf6 42. Nxc6 g5 43. Nxa7 h5 44. a4 g4 45.
hxg4 hxg4 46. Nd4 g3 47. Nxf5 1-0

[Event "DEM U10/U10w 2014"]
[Site "Magdeburg GER"]
[Date "2014.06.10"]
[Round "5"]
[White "Ewerhardy, Moritz"]
[Black "Pahl, Theis"]
[Result "1/2-1/2"]
[Termination "normal"]
[Board "33"]
[WhiteElo "1190"]
[BlackElo "1311"]
[PlyCount "98"]
[WhiteFideId "36052086"]
[BlackFideId "16201264"]
[EventCountry "GER"]
[EventRounds "11"]
[EventType "swiss"]
[EventDate "2014.06.07"]

1. e4 e5 2. Nf3 Nc6 3. Bc4 Nf6 4. d3 Bc5 5. Nc3 h6 6. O-O d6 7. h3 O-O 8. Be3
Bb6 9. a3 Ne7 10. Na4 Bd7 11. Nxb6 axb6 12. c3 Re8 13. Qb3 Rf8 14. Rfe1 b5 15.
Bxb5 c6 16. Ba4 b5 17. Bxb5 cxb5 18. Bd2 Qa5 19. d4 Be6 20. Qd1 Ng6 21. d5 Bd7
22. Qb3 Qb6 23. Be3 Qc7 24. Nd2 Rfc8 25. f3 Qb7 26. Bf2 Nh5 27. Red1 Nhf4 28.
Nf1 Qc7 29. Kh2 Qc4 30. Qxc4 bxc4 31. g3 Nxh3 32. Kg2 Nxf2 33. Kxf2 Ba4 34. Rd2
Kf8 35. Ne3 Bb3 36. Nf5 Ra6 37. Ne3 Ne7 38. Rh1 f6 39. Ng4 f5 40. Nh2 g5 41. g4
f4 42. Nf1 Kg7 43. Re2 Kg6 44. Nd2 Rh8 45. Nxb3 cxb3 46. Ree1 h5 47. gxh5+ Rxh5
48. Rxh5 Kxh5 49. Rh1+ Kg6 1/2-1/2

[Event "DEM U10/U10w 2014"]
[Site "Magdeburg GER"]
[Date "2014.06.10"]
[Round "5"]
[White "Popist, Florian"]
[Black "Pflugradt, Natalie"]
[Result "1-0"]
[Termination "normal"]
[Board "34"]
[WhiteElo "1245"]
[BlackElo "1127"]
[PlyCount "43"]
[WhiteFideId "16203518"]
[BlackFideId "16212444"]
[EventCountry "GER"]
[EventRounds "11"]
[EventType "swiss"]
[EventDate "2014.06.07"]

1. e4 c5 2. Nf3 d6 3. d4 cxd4 4. Nxd4 Nf6 5. Nc3 a6 6. f3 e6 7. Be3 Be7 8. Qd2
O-O 9. O-O-O Nbd7 10. g4 Qc7 11. h4 Nb6 12. h5 Rd8 13. g5 Nfd7 14. g6 f6 15. h6
Nf8 16. hxg7 Kxg7 17. gxh7 Nxh7 18. Qg2+ Kf7 19. Rxh7+ Ke8 20. Qh3 Kf8 21. Rh8+
Kf7 22. Qh7# 1-0

[Event "DEM U10/U10w 2014"]
[Site "Magdeburg GER"]
[Date "2014.06.10"]
[Round "5"]
[White "Diderle, Konstantin"]
[Black "Schmidtmann, Samantha"]
[Result "1/2-1/2"]
[Termination "normal"]
[Board "35"]
[WhiteElo "1103"]
[BlackElo "1403"]
[PlyCount "97"]
[WhiteFideId "12965197"]
[BlackFideId "12956759"]
[EventCountry "GER"]
[EventRounds "11"]
[EventType "swiss"]
[EventDate "2014.06.07"]

1. e4 c5 2. Nf3 d6 3. d4 cxd4 4. Nxd4 Nf6 5. Nc3 a6 6. Be2 e5 7. Nb3 Be7 8. O-O
O-O 9. Kh1 b5 10. Be3 Bb7 11. f3 Nbd7 12. Qd2 Nb6 13. Na5 Qc7 14. Nxb7 Qxb7 15.
Rad1 Rac8 16. Bd3 Nc4 17. Bxc4 Rxc4 18. Rf2 Rfc8 19. Rc1 Qc7 20. Ne2 Rxc2 21.
Rxc2 Qxc2 22. Qxc2 Rxc2 23. Nc3 Rxf2 24. Bxf2 Kf8 25. b3 Ke8 26. Kg1 Kd7 27.
Kf1 Kc6 28. Ke2 d5 29. Nxd5 Nxd5 30. exd5+ Kxd5 31. Kd3 Bc5 32. Be1 f5 33. Bd2
e4+ 34. Ke2 34... h6 {Ersatzzug, da der Bauer auf a6 offenbar verschoben wurde
und laut beiden Formularen nun erneut a6 gespielt wurde.} 35. Bc3 Bd4 36. Bd2
Kc5 37. h3 b4 38. Bc1 a5 39. Bd2 Bc3 40. Be3+ Bd4 41. Bd2 Bg1 42. Be1 e3 43.
Bg3 Bf2 44. Bf4 g5 45. Be5 h5 46. Bf6 g4 47. hxg4 hxg4 48. fxg4 fxg4 49. Bd8
1/2-1/2

[Event "DEM U10/U10w 2014"]
[Site "Magdeburg GER"]
[Date "2014.06.10"]
[Round "5"]
[White "Muths, Lukas"]
[Black "Wiemann, Vanessa"]
[Result "1-0"]
[Termination "normal"]
[Board "36"]
[WhiteElo "1248"]
[BlackElo "1034"]
[PlyCount "79"]
[WhiteFideId "12953156"]
[BlackFideId "12942987"]
[EventCountry "GER"]
[EventRounds "11"]
[EventType "swiss"]
[EventDate "2014.06.07"]

1. d4 d5 2. Nf3 Nc6 3. Bf4 Nf6 4. e3 Bg4 5. Nbd2 e6 6. h3 Bh5 7. c3 Be7 8. Be2
O-O 9. Qc2 Bg6 10. Qd1 Re8 11. O-O Bd6 12. Ne5 Nxe5 13. dxe5 Bxe5 14. Bxe5 Nd7
15. Bg3 e5 16. Nb3 Nf6 17. Bh4 e4 18. c4 dxc4 19. Qxd8 Raxd8 20. Bxc4 Rd6 21.
Bg3 Rc6 22. Bb5 Ree6 23. Bxc6 Rxc6 24. Nd4 Rb6 25. b3 c5 26. Rac1 Nd7 27. Ne2
Bh5 28. Rfd1 h6 29. Rxd7 Bxe2 30. Rxc5 f6 31. Rcc7 Bh5 32. Rxg7+ Kf8 33. a4 f5
34. a5 Re6 35. Rxb7 a6 36. Rgc7 Re8 37. Bd6+ Kg8 38. Rg7+ Kh8 39. Rh7+ Kg8 40.
Rbg7# 1-0

[Event "DEM U10/U10w 2014"]
[Site "Magdeburg GER"]
[Date "2014.06.10"]
[Round "5"]
[White "Glinzner, Alva"]
[Black "Delgado, Celina"]
[Result "0-1"]
[Termination "normal"]
[Board "37"]
[WhiteElo "1194"]
[BlackElo "1023"]
[PlyCount "130"]
[WhiteFideId "16206169"]
[BlackFideId "12993735"]
[EventCountry "GER"]
[EventRounds "11"]
[EventType "swiss"]
[EventDate "2014.06.07"]

1. e4 e5 2. Nf3 Nc6 3. d4 exd4 4. Nxd4 Bc5 5. Be3 Qf6 6. c3 Nge7 7. Bc4 Qg6 8.
Qf3 Ne5 9. Qg3 Qxg3 10. hxg3 Nxc4 11. Ke2 Nxe3 12. Kxe3 Bxd4+ 13. cxd4 d5 14.
Nc3 c6 15. Rhe1 dxe4 16. Nxe4 Nd5+ 17. Kf3 O-O 18. Re2 Re8 19. Rae1 Bf5 20. Nd6
Rxe2 21. Rxe2 Be6 22. Nxb7 Re8 23. Rc2 Rb8 24. Nd6 Nb4 25. Rc5 Bd5+ 26. Ke2
Nxa2 27. Ra5 Rxb2+ 28. Ke3 Rb3+ 29. Kf4 Nc3 30. Rxa7 h6 31. f3 g5+ 32. Kf5 Be6+
33. Kf6 Nd5+ 34. Ke5 Re3+ 35. Ne4 Kf8 36. Kd6 g4 37. f4 Rxe4 38. Kxc6 Rxd4 39.
Kd6 Rd2 40. Ke5 Rxg2 41. f5 Re2+ 42. Kd6 Bxf5 43. Kxd5 Be6+ 44. Kd4 Kg7 45. Ra5
Kg6 46. Kd3 Rg2 47. Ke4 Rxg3 48. Kf4 Rf3+ 49. Ke4 h5 50. Ra1 f5+ 51. Ke5 f4 52.
Kxe6 Kg5 53. Ke5 Kh4 54. Ke4 Kg3 55. Rh1 Re3+ 56. Kf5 f3 57. Rxh5 f2 58. Rh1
Re1 59. Rxe1 fxe1=Q 60. Kg5 Qe5+ 61. Kg6 Kh4 62. Kf7 Kh5 63. Kf8 Qc7 64. Ke8
Kg6 65. Kf8 Qf7# 0-1

[Event "DEM U10/U10w 2014"]
[Site "Magdeburg GER"]
[Date "2014.06.10"]
[Round "5"]
[White "Diederich, Greta"]
[Black "Kurzweil, Nalani"]
[Result "1/2-1/2"]
[Termination "normal"]
[Board "38"]
[WhiteElo "1036"]
[BlackElo "1194"]
[PlyCount "74"]
[WhiteFideId "12988618"]
[BlackFideId "12985694"]
[EventCountry "GER"]
[EventRounds "11"]
[EventType "swiss"]
[EventDate "2014.06.07"]

1. d4 d5 2. e3 Bf5 3. f4 e6 4. Nf3 c5 5. c3 Nc6 6. Nbd2 Nf6 7. Ne5 Nxe5 8. fxe5
Ne4 9. Nxe4 Bxe4 10. Bb5+ Ke7 11. O-O a6 12. Ba4 b5 13. Bc2 Bg6 14. Bxg6 hxg6
15. Qf3 Kd7 16. Qxf7+ Kc8 17. Qxe6+ Kb8 18. Qxg6 Rh6 19. Qf7 Rh8 20. e6 Ra7 21.
Qg6 Rh6 22. Qg3+ Bd6 23. Qg4 Bxh2+ 24. Kf2 Rf6+ 25. Ke2 Rxf1 26. Kxf1 Qf6+ 27.
Qf3 Qxe6 28. Qf8+ Kb7 29. Qxg7+ Kb6 30. dxc5+ Kc6 31. Qxa7 Qf5+ 32. Ke2 Qg4+
33. Kd3 Qe4+ 34. Ke2 Qxg2+ 35. Kd3 Qe4+ 36. Ke2 Qg2+ 37. Kd3 Qe4+ 1/2-1/2

[Event "DEM U10/U10w 2014"]
[Site "Magdeburg GER"]
[Date "2014.06.10"]
[Round "5"]
[White "Neumann, Konstantina"]
[Black "Eschner, Fabian"]
[Result "1-0"]
[Termination "normal"]
[Board "39"]
[WhiteElo "1183"]
[BlackElo "1018"]
[PlyCount "157"]
[WhiteFideId "16200543"]
[BlackFideId "16232860"]
[EventCountry "GER"]
[EventRounds "11"]
[EventType "swiss"]
[EventDate "2014.06.07"]

1. e4 c5 2. Nf3 Nc6 3. Nc3 g6 4. Bc4 Bg7 5. O-O Nf6 6. d3 O-O 7. Be3 d6 8. d4
cxd4 9. Nxd4 Bd7 10. Qd2 a6 11. Nf3 Re8 12. Rfe1 Qc7 13. Ng5 e6 14. Rad1 Bf8
15. Nf3 Rad8 16. Bg5 Be7 17. Bxf6 Bxf6 18. Qxd6 Be5 19. Nxe5 Qxd6 20. Rxd6 Nxe5
21. Red1 Re7 22. Bb3 Kf8 23. Ba4 Ke8 24. R1d4 f6 25. b4 Nf7 26. Bxd7+ Rexd7 27.
Rxe6+ Kf8 28. Rxd7 Rxd7 29. Rxf6 Rc7 30. Rf3 Rc4 31. a3 Rd4 32. h3 Rd2 33. e5
Ke7 34. Re3 Rxc2 35. e6 Nd6 36. Nd5+ Ke8 37. e7 Rc8 38. Rf3 Nf7 39. Re3 Nd6 40.
g4 Kf7 41. Rf3+ Ke6 42. Rf8 Re8 43. Nc7+ Kxe7 44. Nxe8 Kxf8 45. Nxd6 b6 46. Kg2
b5 47. Ne4 Ke7 48. Nc5 Kd6 49. Nxa6 Kd5 50. f4 Kc4 51. Kg3 Kb3 52. Nc7 Kxa3 53.
Nxb5+ Kxb4 54. Nd6 Kc5 55. Ne4+ Kd4 56. Ng5 Kd5 57. Nxh7 Ke6 58. Nf8+ Kf7 59.
Nxg6 Kxg6 60. h4 Kg7 61. g5 Kg6 62. Kg4 Kf7 63. f5 Kg7 64. h5 Kh7 65. f6 Kg8
66. g6 Kf8 67. h6 Kg8 68. f7+ Kf8 69. h7 Kg7 70. Kg5 Kf8 71. Kh6 Ke7 72. h8=Q
Ke6 73. f8=Q Kd5 74. Qf7+ Ke4 75. Qhe8+ Kd4 76. Qfd7+ Kc5 77. Qec8+ Kb6 78.
Qdb7+ Ka5 79. Qca8# 1-0

[Event "DEM U10/U10w 2014"]
[Site "Magdeburg GER"]
[Date "2014.06.10"]
[Round "5"]
[White "Ultsch, Paul"]
[Black "Basovskiy, Jana"]
[Result "0-1"]
[Termination "normal"]
[Board "40"]
[WhiteElo "1024"]
[BlackElo "1157"]
[PlyCount "112"]
[WhiteFideId "12955965"]
[BlackFideId "16208617"]
[EventCountry "GER"]
[EventRounds "11"]
[EventType "swiss"]
[EventDate "2014.06.07"]

1. e4 e5 2. Nf3 d6 3. Nc3 Nf6 4. Bc4 Be7 5. O-O Nbd7 6. d3 c6 7. Bg5 O-O 8. Re1
a5 9. h3 b5 10. Bxf6 Bxf6 11. Qd2 bxc4 12. dxc4 Qc7 13. Qe3 Rb8 14. b3 Rd8 15.
Nd1 Qb6 16. Qd3 Nc5 17. Qe3 Ne6 18. Qd3 Nf4 19. Qc3 Re8 20. a3 Qc7 21. Nd2 d5
22. cxd5 Qd6 23. dxc6 Ba6 24. Kh2 Rbc8 25. Qxa5 Rxc6 26. Qb4 Qxb4 27. axb4 Rxc2
28. Rxa6 Rxd2 29. Rf1 Red8 30. Ra1 Be7 31. b5 Rb8 32. Nc3 Rb2 33. g3 Nd3 34.
Ra7 Bb4 35. Rfa1 Rxf2+ 36. Kg1 Bxc3 37. Ra8 Rf8 38. Rxf8+ Kxf8 39. Rd1 Bd4 40.
Rxd3 Rd2+ 41. Kf1 Rxd3 42. Ke2 Rxb3 43. g4 Re3+ 44. Kd2 Rxe4 45. Kd3 Re3+ 46.
Kc4 Rc3+ 47. Kd5 Re3 48. Kc6 e4 49. b6 Bxb6 50. Kxb6 Rc3 51. Kb5 e3 52. Kb4 Rc8
53. Kb3 e2 54. Kb2 e1=Q 55. Kb3 Qb1+ 56. Ka3 Ra8# 0-1

[Event "DEM U10/U10w 2014"]
[Site "Magdeburg GER"]
[Date "2014.06.10"]
[Round "5"]
[White "Heutling, Elina"]
[Black "Sinnhöfer, Lilian"]
[Result "0-1"]
[Termination "normal"]
[Board "41"]
[WhiteElo "962"]
[BlackElo "1128"]
[PlyCount "48"]
[WhiteFideId "16244729"]
[BlackFideId "12977586"]
[EventCountry "GER"]
[EventRounds "11"]
[EventType "swiss"]
[EventDate "2014.06.07"]

1. e4 e5 2. Nf3 Nc6 3. Bc4 d6 4. Nc3 Bg4 5. h3 Be6 6. Bb3 Be7 7. d3 h6 8. Be3
Nf6 9. Qe2 d5 10. exd5 Nxd5 11. Nxd5 Bxd5 12. c4 Bxf3 13. gxf3 Bb4+ 14. Bd2
Bxd2+ 15. Qxd2 Nd4 16. Ba4+ c6 17. Qe3 f6 18. f4 Qa5+ 19. Kf1 Qxa4 20. fxe5
O-O-O 21. Qxd4 Rxd4 22. e6 Re8 23. b3 Qb4 24. Re1 Rd6 0-1

[Event "DEM U10/U10w 2014"]
[Site "Magdeburg GER"]
[Date "2014.06.10"]
[Round "5"]
[White "Mirschel, Thaddeus"]
[Black "Khanbekyan, Areg"]
[Result "0-1"]
[Termination "normal"]
[Board "42"]
[WhiteElo "1094"]
[BlackElo "962"]
[PlyCount "138"]
[WhiteFideId "16277570"]
[BlackFideId "12993727"]
[EventCountry "GER"]
[EventRounds "11"]
[EventType "swiss"]
[EventDate "2014.06.07"]

1. e4 c5 2. Nf3 d6 3. Bc4 g6 4. O-O Bg7 5. Nc3 Nc6 6. d3 Nf6 7. Bf4 O-O 8. Qd2
Bg4 9. Qe2 Qd7 10. Rad1 Rfe8 11. Rfe1 e5 12. Bg5 Nd4 13. Qd2 Bxf3 14. gxf3
Nxf3+ 15. Kf1 Nxd2+ 16. Rxd2 h6 17. Bb5 Qh3+ 18. Ke2 Red8 19. Bxf6 Bxf6 20. Nd5
Qg4+ 21. Kf1 Bg5 22. Red1 Bxd2 23. Nf6+ Kg7 24. Nxg4 Bf4 25. f3 a6 26. Bc4 h5
27. Nf2 Bxh2 28. Bd5 Rab8 29. Kg2 Bf4 30. Nh3 Bh6 31. Rf1 g5 32. Ng1 Kg6 33.
Ne2 f5 34. Ng3 fxe4 35. Bxe4+ Kf7 36. Nxh5 d5 37. Bf5 Rf8 38. Re1 Rbe8 39. c4
dxc4 40. dxc4 Bg7 41. Be4 b5 42. Bd5+ Kg6 43. Nxg7 Kxg7 44. Bc6 bxc4 45. Bxe8
Rxe8 46. Kf2 Kf6 47. Rc1 e4 48. Rxc4 exf3 49. Rxc5 g4 50. Rc6+ Kf5 51. Rxa6
Re2+ 52. Kf1 g3 53. Ra5+ Re5 54. Ra3 Kf4 55. Ra4+ Re4 56. Rxe4+ Kxe4 57. a4 Ke3
58. a5 g2+ 59. Kg1 f2+ 60. Kxg2 Ke2 61. a6 f1=Q+ 62. Kg3 Ke3 63. a7 Qa6 64.
a8=Q Qxa8 65. b4 Qf8 66. b5 Qf4+ 67. Kh3 Qg5 68. b6 Kf3 69. Kh2 Qg2# 0-1

[Event "DEM U10/U10w 2014"]
[Site "Magdeburg GER"]
[Date "2014.06.10"]
[Round "5"]
[White "Bossert, Moritz"]
[Black "Fischer, Laura"]
[Result "0-1"]
[Termination "normal"]
[Board "43"]
[WhiteElo "953"]
[BlackElo "1091"]
[PlyCount "64"]
[WhiteFideId "16239946"]
[BlackFideId "16208935"]
[EventCountry "GER"]
[EventRounds "11"]
[EventType "swiss"]
[EventDate "2014.06.07"]

1. d4 d5 2. c4 e6 3. e3 Nf6 4. Nc3 Be7 5. Nf3 O-O 6. b3 c5 7. Bd3 cxd4 8. exd4
Bb4 9. Bd2 Bxc3 10. Bxc3 dxc4 11. Bxc4 Qc7 12. O-O b5 13. Bb4 bxc4 14. Bxf8
Kxf8 15. Rc1 Ba6 16. Ne5 c3 17. Qe1 Bxf1 18. Kxf1 Na6 19. Rxc3 Qa5 20. Qd2 Qb5+
21. Nc4 Ne4 22. a4 Nxd2+ 23. Ke2 Qg5 24. Ne3 Ne4 25. g3 Nxc3+ 26. Kd3 Nd5 27.
Nxd5 Qxd5 28. Kc3 Rc8+ 29. Kd3 Nb4+ 30. Ke3 Rc3+ 31. Ke2 Qe4+ 32. Kf1 Rc1# 0-1

[Event "DEM U10/U10w 2014"]
[Site "Magdeburg GER"]
[Date "2014.06.10"]
[Round "5"]
[White "Oyunbat, Oyunchimeg"]
[Black "Sulzbacher, Marijana"]
[Result "1/2-1/2"]
[Termination "normal"]
[Board "44"]
[WhiteElo "1043"]
[BlackElo "1016"]
[PlyCount "40"]
[BlackFideId "34658181"]
[EventCountry "GER"]
[EventRounds "11"]
[EventType "swiss"]
[EventDate "2014.06.07"]

1. e4 e5 2. Nf3 Nf6 3. Nxe5 d6 4. Nf3 Nxe4 5. Nc3 Bf5 6. Bc4 Nxc3 7. dxc3 Qe7+
8. Be3 Be4 9. Qd2 Nc6 10. Bb5 h6 11. Bxc6+ Bxc6 12. O-O-O O-O-O 13. Rhe1 Qd7
14. c4 b6 15. Qc3 Be7 16. c5 Bf6 17. Bd4 Bxd4 18. Rxd4 Rhe8 19. Red1 d5 20. Rf4
Rg8 1/2-1/2

[Event "DEM U10/U10w 2014"]
[Site "Magdeburg GER"]
[Date "2014.06.10"]
[Round "5"]
[White "Kalina, Lena"]
[Black "Kiesel, Lara"]
[Result "1-0"]
[Termination "normal"]
[Board "46"]
[WhiteElo "781"]
[BlackElo "893"]
[PlyCount "61"]
[WhiteFideId "12988014"]
[BlackFideId "12973785"]
[EventCountry "GER"]
[EventRounds "11"]
[EventType "swiss"]
[EventDate "2014.06.07"]

1. e4 e6 2. d3 d5 3. Nd2 Nf6 4. Ne2 Nc6 5. g3 Bc5 6. Bg2 O-O 7. O-O b6 8. b3
Ba6 9. Bb2 e5 10. exd5 Nxd5 11. Ne4 Be7 12. c4 Nf6 13. Nxf6+ Bxf6 14. Bxc6 Rb8
15. Ba3 e4 16. Bxe4 Bxa1 17. Bxf8 Kxf8 18. Qxa1 Kg8 19. Nf4 c5 20. Nh5 Qg5 21.
Nf4 Re8 22. Nd5 Rd8 23. Nc7 Bc8 24. Re1 Rd7 25. Bc6 Rd8 26. Re2 Qg6 27. Be4 Qd6
28. Nb5 Qf6 29. Qe1 Re8 30. Nc7 Re7 31. Nd5 1-0

[Event "DEM U10/U10w 2014"]
[Site "Magdeburg GER"]
[Date "2014.06.10"]
[Round "5"]
[White "Morgenstern, Tobias"]
[Black "Limbach, Anna-Lena"]
[Result "0-1"]
[Termination "normal"]
[Board "47"]
[WhiteElo "1073"]
[BlackElo "1091"]
[PlyCount "112"]
[WhiteFideId "12974390"]
[BlackFideId "12980412"]
[EventCountry "GER"]
[EventRounds "11"]
[EventType "swiss"]
[EventDate "2014.06.07"]

1. e4 e6 2. d4 d5 3. exd5 exd5 4. Bd3 c5 5. c3 Nf6 6. Nf3 Nc6 7. Bg5 cxd4 8.
cxd4 Be7 9. Nc3 Bg4 10. h3 Bxf3 11. Qxf3 Nxd4 12. Qd1 h6 13. Be3 Nc6 14. Bb5 a6
15. Bxc6+ bxc6 16. O-O O-O 17. Re1 c5 18. Na4 d4 19. Bf4 Bd6 20. Bxd6 Qxd6 21.
Qc2 c4 22. Qxc4 Rac8 23. Qd3 Rfe8 24. Nc3 Rxe1+ 25. Rxe1 Qb6 26. Na4 Qb4 27.
Qd1 d3 28. Re3 d2 29. Rc3 Rd8 30. b3 Ne4 31. Rc4 Qe7 32. Rc2 Nc3 33. Nxc3 Qe1+
34. Kh2 Qe5+ 35. g3 Qe1 36. Kg2 Rd3 37. h4 Rxc3 38. Qxd2 Qe4+ 39. f3 Qxc2 40.
Qxc2 Rxc2+ 41. Kh3 Rxa2 42. f4 f6 43. Kg4 Rb2 44. Kh5 Rxb3 45. Kg6 Rxg3+ 46.
Kf5 a5 47. Ke4 a4 48. f5 a3 49. Kf4 Rb3 50. Ke4 a2 51. Kd4 a1=Q+ 52. Kc4 Qa4+
53. Kc5 Rb5+ 54. Kc6 Qa6+ 55. Kc7 Rb7+ 56. Kc8 Qa8# 0-1

[Event "DEM U10/U10w 2014"]
[Site "Magdeburg GER"]
[Date "2014.06.10"]
[Round "5"]
[White "Münch, Michelle"]
[Black "Kind, Swantje"]
[Result "0-1"]
[Termination "normal"]
[Board "48"]
[WhiteElo "858"]
[BlackElo "938"]
[PlyCount "98"]
[EventCountry "GER"]
[EventRounds "11"]
[EventType "swiss"]
[EventDate "2014.06.07"]

1. e4 e5 2. Bc4 Bc5 3. Nf3 Nc6 4. d3 h6 5. Be3 Bb4+ 6. Nc3 d6 7. O-O Bg4 8. h3
Bh5 9. a3 Bxc3 10. bxc3 Qd7 11. d4 O-O-O 12. dxe5 dxe5 13. Bb5 Qxd1 14. Raxd1
Rxd1 15. Rxd1 Nge7 16. Bc5 Kb8 17. Bxe7 Nxe7 18. Rd3 a6 19. Bc4 Nc6 20. Bd5 Ne7
21. Bc4 f5 22. exf5 Nxf5 23. Nxe5 Be2 24. Nd7+ Ka7 25. Rd5 Bxc4 26. Rxf5 Be6
27. Rf8 Rxf8 28. Nxf8 Bf5 29. f4 Bxc2 30. Ne6 Kb6 31. Nxg7 c5 32. f5 Bb3 33. c4
Bxc4 34. g4 Bf7 35. h4 c4 36. g5 hxg5 37. hxg5 c3 38. g6 Bxg6 39. fxg6 c2 40.
Nf5 c1=Q+ 41. Kg2 Qg5+ 42. Kh1 Qxf5 43. g7 Qh7+ 44. Kg1 Qxg7+ 45. Kf1 Qb2 46.
a4 Kc5 47. Ke1 Kd4 48. a5 Ke3 49. Kf1 Qf2# 0-1

[Event "DEM U10/U10w 2014"]
[Site "Magdeburg GER"]
[Date "2014.06.10"]
[Round "5"]
[White "Schneider, Katharina"]
[Black "Unbehend, Marius"]
[Result "1-0"]
[Termination "normal"]
[Board "49"]
[WhiteElo "929"]
[BlackElo "796"]
[PlyCount "145"]
[WhiteFideId "16200519"]
[BlackFideId "16214420"]
[EventCountry "GER"]
[EventRounds "11"]
[EventType "swiss"]
[EventDate "2014.06.07"]

1. e4 e5 2. Nf3 Nc6 3. d4 exd4 4. Bc4 Nf6 5. e5 d5 6. Bb5 a6 7. Bxc6+ bxc6 8.
exf6 Qxf6 9. Qxd4 Qxd4 10. Nxd4 Bd7 11. O-O Bd6 12. Re1+ Be7 13. Bg5 Be6 14.
Bxe7 Kxe7 15. Nxc6+ Kd7 16. Ne5+ Kd8 17. Nc3 f6 18. Nc6+ Kd7 19. Nd4 Rhe8 20.
Na4 Rab8 21. Nc5+ Kd6 22. Ncxe6 Rxb2 23. Nxg7 Reb8 24. h3 R8b4 25. Ngf5+ Kd7
26. Re7+ Kd8 27. Nc6+ Kc8 28. Nxb4 Rxb4 29. Rxh7 d4 30. Ne7+ Kb7 31. Nd5 Rb2
32. Rd1 Rxa2 33. Rxd4 a5 34. Nxf6 a4 35. Nd5 Ra1+ 36. Kh2 a3 37. Ra4 Kc6 38.
Nb4+ Kb5 39. Rxa3 Rxa3 40. Nd5 c6 41. Ne3 c5 42. g4 c4 43. g5 Ra6 44. h4 Rg6
45. Rh6 Rg7 46. Nf5 Rg8 47. g6 Kb4 48. g7 Kc3 49. Rh8 Rxh8 50. gxh8=Q+ Kxc2 51.
Qc8 c3 52. h5 Kd2 53. h6 c2 54. Qxc2+ Kxc2 55. h7 Kd2 56. h8=Q Ke2 57. f4 Kf3
58. Ne3 Kxf4 59. Qh5 Kxe3 60. Qh4 Kd3 61. Qf4 Kc3 62. Qe4 Kd2 63. Qf3 Kc2 64.
Qe3 Kb2 65. Kg3 Kc2 66. Kf4 Kb2 67. Qd3 Kc1 68. Qe2 Kb1 69. Qd2 Ka1 70. Ke3 Kb1
71. Kd3 Ka1 72. Kc3 Kb1 73. Qb2# 1-0

[Event "DEM U10/U10w 2014"]
[Site "Magdeburg GER"]
[Date "2014.06.11"]
[Round "6"]
[White "Li, Simon"]
[Black "Keymer, Vincent"]
[Result "0-1"]
[Termination "normal"]
[Board "1"]
[WhiteElo "1814"]
[BlackElo "2036"]
[WhiteClock "00:22:18"]
[BlackClock "00:08:57"]
[PlyCount "100"]
[WhiteFideId "12972134"]
[BlackFideId "12940690"]
[EventCountry "GER"]
[EventRounds "11"]
[EventType "swiss"]
[EventDate "2014.06.07"]

1. e4 d5 2. exd5 Qxd5 3. Nc3 Qd6 4. d4 Nf6 5. Nf3 a6 6. Bc4 b5 7. Bb3 Bb7 8.
O-O e6 9. Re1 c5 10. dxc5 Qxd1 11. Rxd1 Nbd7 12. Bf4 Nxc5 13. Rd2 Nxb3 14. axb3
Bc5 15. Rad1 Ke7 16. Ne5 Nd5 17. Nxd5+ exd5 18. c4 Rhd8 19. cxd5 Bd6 20. Bg3
Rac8 21. Ng4 Bxg3 22. fxg3 Kd6 23. Kf2 Rc5 24. Ne3 g6 25. b4 Rc7 26. Kf3 Re8
27. Kf4 Rce7 28. Re2 f5 29. Kf3 Re4 30. Rdd2 R8e5 31. g4 fxg4+ 32. Nxg4 Rxe2
33. Rxe2 Bxd5+ 34. Kf2 Rxe2+ 35. Kxe2 Bxg2 36. Kd3 Bf3 37. Nf6 h6 38. Kd4 Ke6
39. Ne8 Bb7 40. Kc5 g5 41. Ng7+ Kf6 42. Nh5+ Kg6 43. Ng3 h5 44. Kb6 Bf3 45.
Kxa6 h4 46. Nf1 g4 47. Nd2 Be2 48. Ne4 Kf5 49. Nc3 Bd3 50. Nd5 g3 0-1

[Event "DEM U10/U10w 2014"]
[Site "Magdeburg GER"]
[Date "2014.06.11"]
[Round "6"]
[White "Svane, Frederik"]
[Black "Hommel, Niclas"]
[Result "1-0"]
[Termination "normal"]
[Board "2"]
[WhiteElo "1801"]
[BlackElo "1575"]
[WhiteClock "01:14:36"]
[BlackClock "00:10:48"]
[PlyCount "127"]
[WhiteFideId "12923044"]
[BlackFideId "12974927"]
[EventCountry "GER"]
[EventRounds "11"]
[EventType "swiss"]
[EventDate "2014.06.07"]

1. e4 e5 2. Nf3 Nc6 3. Bb5 a6 4. Bxc6 dxc6 5. O-O Qd6 6. b3 Be6 7. Bb2 f6 8. d4
exd4 9. Nxd4 O-O-O 10. Qe2 Nh6 11. Nxe6 Qxe6 12. Nd2 Bd6 13. Nc4 Nf7 14. Rad1
Be5 15. Nxe5 Nxe5 16. f4 Nf7 17. Qf3 Rhe8 18. Rde1 Qd6 19. Kh1 Kb8 20. h3 Qc5
21. Re2 Nd6 22. Rfe1 Nb5 23. c3 Qe7 24. e5 f5 25. a4 Na7 26. c4 Qe6 27. Qc3 g6
28. Rd2 b6 29. Red1 Kc8 30. Rd4 c5 31. Rd5 Nc6 32. Qd2 a5 33. Qe2 Nb4 34. R5d2
Nc6 35. Bc3 Rxd2 36. Rxd2 Rd8 37. Qd1 Rxd2 38. Qxd2 Qd7 39. Qe2 Qe6 40. Kg1 Kb7
41. Kf1 Kc8 42. Ke1 Ne7 43. Kd1 Qd7+ 44. Kc2 Qe6 45. Qf2 Qc6 46. Qe2 Qe6 47.
Kc1 Ng8 48. Qf3 c6 49. Kc2 Kc7 50. Qf2 Kc8 51. Qh4 Qe7 52. Qe1 Qe6 53. Qe3 Kc7
54. Bxa5 bxa5 55. Qxc5 Qd7 56. Qxa5+ Kb7 57. Qc5 Ne7 58. b4 Nc8 59. a5 Ka6 60.
Kc3 Qd1 61. Qxc6+ Ka7 62. Qc7+ Ka8 63. Qxc8+ Ka7 64. Qc5+ 1-0

[Event "DEM U10/U10w 2014"]
[Site "Magdeburg GER"]
[Date "2014.06.11"]
[Round "6"]
[White "Weishäutel, Moritz"]
[Black "Asadzade, Idris"]
[Result "1-0"]
[Termination "normal"]
[Board "3"]
[WhiteElo "1801"]
[BlackElo "1448"]
[WhiteClock "00:26:03"]
[BlackClock "00:27:25"]
[PlyCount "129"]
[WhiteFideId "12967300"]
[BlackFideId "12997285"]
[EventCountry "GER"]
[EventRounds "11"]
[EventType "swiss"]
[EventDate "2014.06.07"]

1. e4 e6 2. d4 d5 3. Nc3 Nf6 4. e5 Nfd7 5. f4 c5 6. Nf3 Nc6 7. Be3 cxd4 8. Nxd4
Qb6 9. a3 Bc5 10. Na4 Qa5+ 11. c3 Bxd4 12. Bxd4 Nxd4 13. b4 Qc7 14. cxd4 O-O
15. Rc1 Qd8 16. Qc2 Nb6 17. Nc5 Nd7 18. Bd3 h6 19. h4 Nxc5 20. dxc5 f6 21. g4
f5 22. g5 Rf7 23. gxh6 gxh6 24. Qe2 Qf8 25. Qh5 Bd7 26. Kf2 Rg7 27. Rhg1 Rxg1
28. Rxg1+ Kh7 29. Qg6+ Kh8 30. Ke3 Re8 31. Kd4 Re7 32. Qf6+ Qxf6 33. exf6 Rf7
34. Ke5 Bc8 35. Be2 d4 36. Bh5 Rd7 37. Bf3 Rf7 38. Rd1 Rd7 39. Rxd4 Rxd4 40.
Kxd4 Kg8 41. Ke5 Kf7 42. Bh5+ Kf8 43. Kd6 b6 44. cxb6 axb6 45. Kc6 e5 46. fxe5
Be6 47. Kd6 Bf7 48. Bxf7 Kxf7 49. e6+ Kxf6 50. e7 f4 51. e8=Q Kf5 52. Qf7+ Ke4
53. Kc6 Ke3 54. Qe6+ Kd3 55. Qh3+ Ke2 56. Qg2+ Ke3 57. Kxb6 f3 58. Qf1 Kf4 59.
a4 h5 60. a5 Kg4 61. Qf2 Kh3 62. a6 Kg4 63. a7 Kh3 64. a8=Q Kg4 65. Qaxf3# 1-0